| 000 | 00608nam a22001937a 4500 | ||
|---|---|---|---|
| 999 |
_c19881 _d19881 |
||
| 003 | AR-CdUCM | ||
| 008 | 190220b ||||| |||| 00| 0 spa d | ||
| 040 |
_aMUNICIPALIDAD PROVINCIAL DEL CUSCO _cBIBLIOTECA MUNICIPAL DEL CUSCO |
||
| 082 |
_a823 / _bW45 |
||
| 100 |
_aWells, Herbert George _91101 |
||
| 245 | _aLos rincones secretos del corazón / | ||
| 260 |
_aChile: _bErcilla, _c1993. |
||
| 300 |
_a207 páginas ; _c20 cm. |
||
| 505 | _aContenido : La cónsula -- Lady Hardy -- La partida -- En Maidenhead... | ||
| 650 |
_aNovela _95 |
||
| 650 |
_aLiteratura _983 |
||
| 942 |
_2ddc _cLIBROS |
||
| 945 | _arcc | ||